000 00785 a2200193 4500
003 Nust
005 20170207165830.0
020 _a0470466464
020 _a9780470466469
040 _cNust
100 1 _aRumsey, Deborah J.
245 1 0 _aStatistics II for dummies. (E-BOOK)
_bDeborah J. Rumsey,
260 _aHoboken, NJ ;
_bWiley Publishing, Inc. ,
_c2009.
300 _a392 p. ;
_bill. ;
_c24 cm.
505 _aTackling data analysis and model-building basics -- Using different types of regression to make predictions -- Analyzing variance with ANOVA -- Building strong connections with chi-square tests -- Nonparametric statistics: rebels without a distribution -- The part of tens -- Appendix: Reference tables.
650 0 _aStatistics
650 0 _aStatistics.
651 _aE-BOOK
942 _2ddc
_cBK
999 _c213237
_d213237